000 00579nam a2200181Ia 4500
003 BUBTL
008 151213s9999 xx 000 0 und d
082 _a347.05/ 2003
245 _aThe Code of Civil Procedure Government of The Peoples Republics of Bangladesh Ministry of Law & Justice :
_bThe Code of Civil Procedure - 1908 Ministry of Law
250 _a1st edn.
260 _aDhaka
_bGovernment Press
_cc2003
300 _a406p. :
_b24 cm.
650 _aLaw
650 _a
856 _k0
_l0
_yDownload
942 _2ddc
_cBK
999 _c1956
_d1956